Pólóbotrány az örökrangadon

Bibliographic Details
Main Author: Zsigárdi, László, 1959- (Author)
Corporate Author: Športový klub policajtov, Košice (Author)
Format: Article
Language:Hungarian
Slovak
Subjects:

MARC

LEADER 00000nab a2200000 a 4500
001 vtls000912293
003 SK-MaSNL
005 20260318133051.0
008 040720e19910225xo 0 hun
035 |a KE21204 
040 |a KEVKJB  |b slo  |c KEVKJB  |e AACR2 
041 1 |h slo 
044 |a xo  |c SK 
080 |a 797.25  |2 1981 
100 1 |a Zsigárdi, László,  |d 1959-  |4 aut  |9 840950 
245 1 0 |a Pólóbotrány az örökrangadon 
610 2 7 |a Športový klub policajtov, Košice  |2 KEVKJB  |9 882449 
650 0 7 |a vodné pólo  |2 KEVKJB  |9 3219 
650 0 7 |a majstrovstvá celoštátne  |2 KEVKJB  |9 1234823 
650 0 7 |a ročník 36.  |2 KEVKJB  |9 1018828 
650 0 7 |a účinkovanie  |2 KEVKJB  |9 873329 
651 7 |a Košice (Slovensko)  |2 KEVKJB  |9 18694 
651 7 |a KE,  |2 KEVKJB  |9 877256 
655 7 |a periodikum  |2 snkbucl  |9 29553 
710 2 |a Športový klub policajtov, Košice  |4 aut  |9 882449 
773 0 8 |t Új szó  |g Roč. 44, č.47, 25.2.1991, s. 6 
852 |a ZVYKNI  |b KIS3GCP 
999 |c 2182011  |d 2183941